000 00364pab a2200145 454500
008 180718b2001 xxu||||| |||| 00| 0 eng d
100 _aBrown, Gordon
245 _aThe conditions for high and stable growth and employment
260 _c2001
300 _ap.C30-C44
362 _aMay
650 _aEconomic growth
773 _aEconomic Journal
909 _a49017
999 _c49017
_d49017